| 000 | 00503nam a2200181Ia 4500 | ||
|---|---|---|---|
| 005 | 20240603003743.0 | ||
| 008 | 240331s9999 xx 000 0 und d | ||
| 020 | _a9789551927004342 | ||
| 082 |
_bKOD _a342 |
||
| 100 | _aKodikara,S.U | ||
| 245 | 0 |
_aDomestic politics and developmacy : _ba study of linkage politics in Indo Sri Lanka relation _cShelton. U.Kodikara |
|
| 250 | _a1 st | ||
| 260 |
_aColombo _bBMICH _c2008 |
||
| 300 | _a258 P., | ||
| 650 | _aDomestic | ||
| 650 | _aPolitical | ||
| 942 | _cL | ||
| 999 |
_c5388 _d5388 |
||